000 00839nam a22002297a 4500
003 AUA.1
005 20251120163702.0
008 251120b |||||||| |||| 00| 0 eng d
020 _a9788419752710
040 _cJTL
050 _aBX6121.3
_b.A44 2023
245 _a Affirming our identity :
_bcurrent theological issues challenging the Seventh-day Adventist church /
_cDan-Adrian Petre, Joel Iparraguirre, J. Vladimir Polanco, (eds)
300 _axiv, 305 pages :
_billustrations;
_c23 cm.
650 _aSeventh-day Adventists
650 _aSeventh-day Adventists
_vConflicts
650 _aSeventh-day Adventists
_vRelations
650 _aSeventh-day Adventists
_vTheology
700 _aDan-Adrian Petre
700 _aJoel Iparraguirre
700 _aJ. Vladimir Polanco
942 _2lcc
_cBOOK
_hBX 6121.3
_i.A44 2023
999 _c25259
_d25259